Statistiques concernant Trouve le dernier pays de chaque lettres

Cliquez ici pour prendre le quiz!

Statistiques générales

  • Ce quiz a été pris 323 fois
    (312 depuis la dernière actualisation)
  • Le résultat moyen est 16 sur 24

Statistiques - réponses

HintRéponse% Correct
ZZimbabwe
91%
YYemen
88%
AAzerbaidjan
85%
QQatar
83%
FFrance
81%
UUruguay
80%
JJordanie
75%
KKoweit
74%
HHongrie
73%
OOuzbékistan
73%
IItalie
71%
BBurundi
70%
RRwanda
70%
TTuvalu
65%
EEthiopie
61%
MMozambique
61%
SSyrie
59%
GGuyana
54%
VVietnam
53%
PPortugal
50%
DDominique
49%
NNouvelle-Zélande
49%
CCuba
46%
LLuxembourg
44%

Distribution des résultats

Percentile par nombre de réponses

% des personnes avec chaque résultat

Votre développement - résultats

Vous n’avez pas pris ce quiz depuis la dernière actualisation